000 01330nam a2200349 a 4500
001 688203
003 OSt
005 20250203103929.0
008 950720s1994 ke b 000 0 eng
010 _a 95980918
040 _aDLC
_cDLC
042 _alcode
043 _af-ke---
050 0 0 _aKSK2107.W65
_bW65 1994
082 0 0 _a346.676201/34346.76206134
_220
245 0 0 _aWomen and autonomy in Kenya :
_blaw reform and the quest for gender equality /
_cresearch co-ordinated by Kivutha Kibwana with assistance from Okech-Owiti.
260 _a[Nairobi] :
_bCentre for Law and Research International,
_c[1994]
300 _a452 leaves ;
_c30 cm.
490 1 _aCLARION research monograph ;
_vno. 1 of 1994
500 _a"April 1994"--P. 9.
504 _aIncludes bibliographical references.
650 0 _aSex discrimination against women
_xLaw and legislation
_zKenya.
650 0 _aWomen
_xLegal status, laws, etc.
_zKenya.
650 0 _aSex discrimination against women
_zKenya.
700 1 _aKibwana, Kivutha.
700 1 _aOwiti, Okech.
710 2 _aCentre for Law and Research International.
830 0 _aCLARION research monograph ;
_v1994, no. 1.
906 _a7
_bcbc
_corigode
_d2
_encip
_f19
_gy-gencatlg
942 _2ddc
_cBK
999 _c4083
_d4083